000 00382nam a22001577a 4500
003 OSt
008 240410b |||||||| |||| 00| 0 eng d
020 _a9898888498774
082 _a808.82
_bLIQ
100 _aLibrary Mindset Pub
245 _a100 Quotes that will Change Your Life
250 _a1st Ed
260 _bLibrary Mindset Pub
_c2022
300 _a100
942 _2ddc
_cREF
999 _c12425
_d12425